[Event "Benidorm op-A"]
[Site "Benidorm"]
[Date "2021.12.04"]
[Round "1"]
[White "Karimi, Farhad"]
[Black "Srinath, Rao SV"]
[Result "0-1"]
[WhiteElo "2055"]
[BlackElo "2356"]
[PlyCount "100"]
[EventDate "2021.12.04"]
[EventType "swiss"]
[EventRounds "9"]
[EventCountry "ESP"]
[SourceTitle "CBM 205 Extra"]
[Source "ChessBase"]
[SourceDate "2022.01.31"]
[SourceVersion "1"]
[SourceVersionDate "2022.01.31"]
[SourceQuality "1"]

1. d4 Nf6 2. c4 g6 3. Nc3 Bg7 4. e4 d6 5. h3 0-0 6. Be3 c5 7. d5 e6 8. Nf3 exd5 9. exd5 Re8 10. Bd3 Rxe3+ 11. fxe3 Qe7 12. Kf2 Nbd7 13. Re1 Nh5 14. Kg1 Ne5 15. Nxe5 Bxe5 16. Qf3 Bd7 17. Ne2 Re8 18. Rab1 Qh4 19. Rf1 Re7 20. b4 cxb4 21. Rxb4 Bc8 22. a3 Qg5 23. c5 dxc5 24. Rc4 Bd6 25. Re4 Ng7 26. Nc3 Nf5 27. Rxe7 Qxe7 28. Bxf5 Bxf5 29. e4 Bd7 30. Qf6 Qxf6 31. Rxf6 Be5 32. Rf3 c4 33. Kf2 b5 34. Na2 a5 35. Ke2 h5 36. Kd2 Kf8 37. Nc3 Ke7 38. a4 b4 39. Nb5 Bxb5 40. axb5 a4 41. b6 a3 42. b7 a2 43. Rf1 b3 44. d6+ Bxd6 45. e5 Bc7 46. Kc3 Bxe5+ 47. Kxc4 b2 48. Re1 b1Q 49. Rxe5+ Kd6 50. Rb5 Qxb5+ 0-1

[Event "Ceske Budejovice op"]
[Site "Ceske Budejovice"]
[Date "2021.07.09"]
[Round "9"]
[White "Karimi, Farhad"]
[Black "Richterova, Natasa"]
[Result "1/2-1/2"]
[WhiteElo "2054"]
[BlackElo "2213"]
[PlyCount "110"]
[EventDate "2021.07.01"]
[EventType "swiss"]
[EventRounds "9"]
[EventCountry "CZE"]
[SourceTitle "CBM 203 Extra"]
[Source "ChessBase"]
[SourceDate "2021.09.30"]
[SourceVersion "1"]
[SourceVersionDate "2021.09.30"]
[SourceQuality "1"]

1. d4 d6 2. c4 e5 3. Nc3 c6 4. Nf3 Qc7 5. g3 Nf6 6. Bg2 Be7 7. 0-0 a5 8. c5 Nbd7 9. cxd6 Bxd6 10. dxe5 Nxe5 11. Nd4 Bd7 12. Bg5 Be7 13. Rc1 0-0 14. f4 Neg4 15. Qd3 Rad8 16. h3 Nh6 17. e4 c5 18. Bxf6 Bxf6 19. Nd5 Bxd4+ 20. Qxd4 cxd4 21. Rxc7 Be6 22. Rd1 f5 23. Rxd4 fxe4 24. Ne7+ Kh8 25. Rxe4 Bxa2 26. Ra4 Rd1+ 27. Kh2 Bb1 28. Rxb7 Rd2 29. g4 Bc2 30. Rc4 a4 31. Rbc7 Bb3 32. Rc3 Ng8 33. Kg3 Nxe7 34. Rxe7 Rxb2 35. Rcc7 Rg8 36. Ra7 Rd2 37. h4 Rd3+ 38. Kf2 Rd2+ 39. Re2 Rxe2+ 40. Kxe2 Rd8 41. Bc6 Bd1+ 42. Ke3 Bxg4 43. Rxa4 Kg8 44. Ra7 Bf5 45. Bb5 h6 46. Bc4+ Kh7 47. h5 Re8+ 48. Kf3 Be6 49. Bd3+ Kg8 50. Bg6 Rf8 51. Ke4 Bb3 52. Ke5 Bc4 53. Rc7 Ba2 54. Rd7 Bb3 55. Kd6 Bf7 1/2-1/2

[Event "Mittelrhein Verbandsliga-S 17/18"]
[Site "Nordrheinwestfalen"]
[Date "2017.11.12"]
[Round "4.1"]
[White "Karimi, Farhad"]
[Black "Hemmann, Arnold"]
[Result "0-1"]
[WhiteElo "2038"]
[BlackElo "2091"]
[PlyCount "86"]
[EventDate "2017.09.10"]
[EventType "team-tourn"]
[EventRounds "11"]
[EventCountry "GER"]
[SourceTitle "EXT 2022"]
[Source "ChessBase"]
[SourceDate "2021.10.06"]
[SourceVersion "1"]
[SourceVersionDate "2021.10.06"]
[SourceQuality "1"]
[WhiteTeam "Satranc Club"]
[BlackTeam "Godesberg III"]
[WhiteTeamCountry "GER"]
[BlackTeamCountry "GER"]

1. e4 c5 2. Nf3 Nf6 3. e5 Nd5 4. Nc3 Nc7 5. Ne4 Ne6 6. b4 b6 7. Bc4 Bb7 8. Nfg5 Nxg5 9. Nxg5 e6 10. Qh5 g6 11. Qg4 Bg7 12. bxc5 Qc7 13. d4 bxc5 14. 0-0 h6 15. Nxf7 Kxf7 16. Bd3 Nc6 17. Ba3 Nxd4 18. Bxg6+ Kg8 19. Rab1 Bd5 20. c3 Nf5 21. c4 h5 22. Bxh5 Bc6 23. Rb3 Qxe5 24. Bb2 Qe4 25. Qxe4 Bxe4 26. Be2 Nd4 27. Bxd4 Bxd4 28. Bf3 Bxf3 29. Rxf3 Rb8 30. Ra3 Rb7 31. g3 Kf7 32. Kg2 Ke7 33. h4 Rf8 34. f4 Kf6 35. g4 d6 36. Ra6 Rb2+ 37. Kf3 Rc2 38. Rxd6 Rxc4 39. h5 Rc3+ 40. Kg2 Rb8 41. g5+ Kf5 42. Rxd4 cxd4 43. Rf2 d3 0-1

[Event "Mittelrhein Verbandsliga-M 16/17"]
[Site "Nordrheinwestfalen"]
[Date "2017.01.29"]
[Round "7.1"]
[White "Merkin, German"]
[Black "Karimi, Farhad"]
[Result "1-0"]
[WhiteElo "1802"]
[BlackElo "2095"]
[PlyCount "24"]
[EventDate "2016.09.11"]
[EventType "team-tourn"]
[EventRounds "11"]
[EventCountry "GER"]
[SourceTitle "EXT 2022"]
[Source "ChessBase"]
[SourceDate "2021.10.06"]
[SourceVersion "1"]
[SourceVersionDate "2021.10.06"]
[SourceQuality "1"]
[WhiteTeam "Porz SG V"]
[BlackTeam "Satranc Club"]
[WhiteTeamCountry "GER"]
[BlackTeamCountry "GER"]

1. Nf3 Nf6 2. c4 e6 3. d4 Bb4+ 4. Bd2 Qe7 5. e3 0-0 6. Bd3 d5 7. 0-0 b6 8. Bxb4 Qxb4 9. Qc2 dxc4 10. Bxc4 Bb7 11. Nbd2 Nbd7 12. Bb3 Rfc8 1-0

[Event "Staufer op 29th"]
[Site "Schwaebisch Gmuend"]
[Date "2017.01.05"]
[Round "8"]
[White "Pfreundt, Jakob"]
[Black "Karimi, Farhad"]
[Result "1-0"]
[WhiteElo "2347"]
[BlackElo "2093"]
[PlyCount "49"]
[EventDate "2017.01.02"]
[EventType "swiss"]
[EventRounds "9"]
[EventCountry "GER"]
[SourceTitle "CBM 176 Extra"]
[Source "ChessBase"]
[SourceDate "2017.03.02"]
[SourceVersion "1"]
[SourceVersionDate "2017.03.02"]
[SourceQuality "1"]

1. Nf3 Nf6 2. g3 e6 3. Bg2 a6 4. c4 b5 5. Ne5 Ra7 6. b3 bxc4 7. bxc4 Bb7 8. 0-0 Bxg2 9. Kxg2 c5 10. Nc3 Qc7 11. Nf3 Nc6 12. d3 d5 13. cxd5 exd5 14. e4 dxe4 15. dxe4 Bd6 16. Bg5 0-0 17. Bxf6 gxf6 18. Nd5 Qd8 19. Nh4 Re8 20. Qa4 Re6 21. Qxc6 Bxg3 22. Qxc5 Bxh4 23. Qxa7 Rxe4 24. Rad1 f5 25. Kh1 1-0

[Event "Mittelrhein Verbandsliga-M 16/17"]
[Site "Nordrheinwestfalen"]
[Date "2016.09.11"]
[Round "1.1"]
[White "Keller, Karsten"]
[Black "Karimi, Farhad"]
[Result "1/2-1/2"]
[WhiteElo "2091"]
[BlackElo "2043"]
[PlyCount "120"]
[EventDate "2016.09.11"]
[EventType "team-tourn"]
[EventRounds "11"]
[EventCountry "GER"]
[SourceTitle "EXT 2022"]
[Source "ChessBase"]
[SourceDate "2021.10.06"]
[SourceVersion "1"]
[SourceVersionDate "2021.10.06"]
[SourceQuality "1"]
[WhiteTeam "Langenfeld II"]
[BlackTeam "Satranc Club"]
[WhiteTeamCountry "GER"]
[BlackTeamCountry "GER"]

1. Nf3 Nf6 2. c4 e6 3. Nc3 b6 4. e4 d6 5. d4 Be7 6. Bd3 Bb7 7. 0-0 Nbd7 8. Re1 e5 9. d5 0-0 10. b4 a5 11. bxa5 Rxa5 12. Nd2 Nc5 13. Nb3 Nxb3 14. Qxb3 Nd7 15. Qc2 Bg5 16. Bxg5 Qxg5 17. Re3 Nc5 18. Rg3 Qe7 19. Be2 Rfa8 20. Nd1 Bc8 21. Bg4 Bxg4 22. Rxg4 Ra3 23. Rg3 Qh4 24. Rxa3 Rxa3 25. Nc3 f5 26. Nb5 Ra4 27. Re1 fxe4 28. Nxc7 e3 29. Rxe3 Rxc4 30. Rc3 Rxc3 31. Qxc3 Qxf2+ 32. Kxf2 Ne4+ 33. Ke3 Nxc3 34. a3 Kf7 35. Kd3 Na4 36. Kc4 Nc5 37. Nb5 Ke7 38. Nc3 Kd7 39. g4 g5 40. Nd1 Ne4 41. Ne3 Kc7 42. Kb5 Nd2 43. Nf5 Nf3 44. h3 Nd4+ 45. Nxd4 exd4 46. Kc4 b5+ 47. Kxd4 Kb6 48. Ke4 Kc5 49. Kf5 Kxd5 50. Kxg5 Ke5 51. Kh6 Kf4 52. Kxh7 Kg5 53. h4+ Kxh4 54. Kg6 Kxg4 55. Kf6 Kf4 56. Ke6 Ke4 57. Kxd6 Kd4 58. Kc6 Kc4 59. Kb6 b4 60. axb4 Kxb4 1/2-1/2

[Event "Eschborn op"]
[Site "Eschborn"]
[Date "2016.09.03"]
[Round "3"]
[White "Buss, Alexander"]
[Black "Karimi, Farhad"]
[Result "0-1"]
[WhiteElo "1606"]
[BlackElo "2047"]
[PlyCount "112"]
[EventDate "2016.09.02"]
[EventType "swiss"]
[EventRounds "5"]
[EventCountry "GER"]
[SourceTitle "EXT 2018"]
[Source "ChessBase"]
[SourceDate "2017.10.13"]
[SourceVersion "1"]
[SourceVersionDate "2017.10.13"]
[SourceQuality "1"]

1. e4 c5 2. Nf3 Nc6 3. d4 cxd4 4. Nxd4 e5 5. Nf5 d5 6. Qxd5 Qxd5 7. exd5 Bxf5 8. dxc6 bxc6 9. c3 Nf6 10. Bc4 Bc5 11. 0-0 0-0 12. Nd2 Rad8 13. Nb3 Bb6 14. Bg5 h6 15. Bxf6 gxf6 16. a4 a5 17. h3 h5 18. Rac1 Bd3 19. Bxd3 Rxd3 20. Rfd1 Rfd8 21. Rxd3 Rxd3 22. Kf1 f5 23. Ke2 Rd7 24. Rc2 f6 25. Rd2 Rd5 26. c4 Rxd2+ 27. Nxd2 Bc5 28. b3 Kf7 29. f3 h4 30. Nf1 f4 31. Kd3 Ke6 32. Ke4 f5+ 33. Kd3 Bb4 34. Nh2 Kd6 35. Nf1 Kc5 36. Nh2 Be1 37. Ke2 Bg3 38. Ng4 fxg4 39. hxg4 h3 40. gxh3 Bh4 41. Kd3 Kd6 42. Ke4 Ke6 43. Kd3 Bf2 44. Ke2 Bg3 45. Kd3 Kf6 46. b4 axb4 47. a5 Bf2 48. a6 Ba7 49. h4 b3 50. h5 b2 51. Kc2 e4 52. fxe4 f3 53. e5+ Kxe5 54. h6 Kf6 55. g5+ Kg6 56. Kxb2 f2 0-1

[Event "Stuttgart-chA int"]
[Site "Ditzingen"]
[Date "2016.05.05"]
[Round "2"]
[White "Karimi, Farhad"]
[Black "Kabisch, Thilo"]
[Result "0-1"]
[WhiteElo "2095"]
[BlackElo "2309"]
[PlyCount "80"]
[EventDate "2016.05.05"]
[EventType "swiss"]
[EventRounds "7"]
[EventCountry "GER"]
[SourceTitle "EXT 2018"]
[Source "ChessBase"]
[SourceDate "2017.10.13"]
[SourceVersion "1"]
[SourceVersionDate "2017.10.13"]
[SourceQuality "1"]

1. d4 Nf6 2. c4 g6 3. Nc3 Bg7 4. e4 d6 5. h3 0-0 6. Be3 e5 7. d5 a5 8. Nf3 Na6 9. Be2 Bd7 10. Qc2 Nh5 11. g3 f5 12. exf5 Bxf5 13. Qd2 Nf6 14. Ng5 Qe7 15. g4 Bd7 16. Nge4 b6 17. 0-0-0 Nxe4 18. Nxe4 Nc5 19. Bxc5 bxc5 20. h4 Rf4 21. f3 Bxg4 22. Rdg1 Bh5 23. Ng3 Rxh4 24. Nxh5 gxh5 25. Rxh4 Qxh4 26. Bd3 Rf8 27. Qg2 Rf7 28. Be4 Qf4+ 29. Kb1 h4 30. Qh3 Kh8 31. a3 Qe3 32. Qg4 a4 33. Ka1 Qf4 34. Qh3 Bf8 35. Rg4 Qc1+ 36. Bb1 Bg7 37. Re4 h6 38. Qxh4 Rxf3 39. Qd8+ Rf8 40. Qh4 Rf1 0-1

[Event "Rheinland Pfalz op 7th"]
[Site "Frankenthal"]
[Date "2015.06.04"]
[Round "1"]
[White "Strieck, Christian"]
[Black "Karimi, Farhad"]
[Result "0-1"]
[WhiteElo "1749"]
[BlackElo "2129"]
[PlyCount "112"]
[EventDate "2015.06.04"]
[EventType "swiss"]
[EventRounds "7"]
[EventCountry "GER"]
[SourceTitle "EXT 2017"]
[Source "ChessBase"]
[SourceDate "2016.10.25"]
[SourceVersion "1"]
[SourceVersionDate "2016.10.25"]
[SourceQuality "1"]

1. d4 Nf6 2. c4 e6 3. Nc3 Bb4 4. e3 b6 5. Nge2 Bb7 6. a3 Be7 7. Ng3 0-0 8. e4 d6 9. Bd3 Nbd7 10. 0-0 c5 11. Be3 cxd4 12. Bxd4 Ne5 13. Be2 Rc8 14. b3 Ng6 15. Qd2 Qc7 16. Rac1 Qb8 17. f4 e5 18. Be3 exf4 19. Bxf4 Nxf4 20. Qxf4 d5 21. Qxb8 Rxb8 22. Nxd5 Nxd5 23. exd5 Bxa3 24. Ra1 Bc5+ 25. Kh1 a5 26. Ne4 Bb4 27. Bf3 f5 28. Ng5 Rbe8 29. Rad1 Rf6 30. Rd3 Bd6 31. Rdd1 Bc8 32. Rde1 Rxe1 33. Rxe1 Bd7 34. Bd1 Rh6 35. h3 Rh4 36. Nf3 Re4 37. Rxe4 fxe4 38. Ng5 e3 39. g4 b5 40. Ne4 a4 41. bxa4 bxa4 42. Kg2 a3 43. Bb3 Ba4 44. Ba2 Bf4 45. Nc3 Bd1 46. Kf1 Bf3 47. Ne2 g5 48. Nd4 Be4 49. c5 Bd3+ 50. Ne2 Kf8 51. Ke1 Ke8 52. Nc3 Bg3+ 53. Kd1 Bf1 54. d6 Be5 55. Ne2 Bxh3 56. Be6 Bxg4 0-1

[Event "Cologne Longerich op-A 10th"]
[Site "Cologne"]
[Date "2013.07.19"]
[Round "1"]
[White "Brecker, Hans Joerg"]
[Black "Karimi, Farhad"]
[Result "0-1"]
[WhiteElo "1963"]
[BlackElo "2165"]
[PlyCount "72"]
[EventDate "2013.07.19"]
[EventType "tourn"]
[EventRounds "5"]
[EventCountry "GER"]
[SourceTitle "EXT 2017"]
[Source "ChessBase"]
[SourceDate "2016.10.25"]
[SourceVersion "1"]
[SourceVersionDate "2016.10.25"]
[SourceQuality "1"]

1. d4 Nf6 2. Nf3 c5 3. c3 e6 4. g3 b6 5. Bg2 Bb7 6. 0-0 Be7 7. Re1 0-0 8. Nbd2 Ne4 9. Nxe4 Bxe4 10. Nd2 Bxg2 11. Kxg2 cxd4 12. cxd4 Bf6 13. Nf3 d5 14. b3 Qd7 15. Ne5 Qb7 16. Ba3 Rc8 17. Qd2 Bxe5 18. dxe5 Nd7 19. Bd6 Rc6 20. Rac1 Rac8 21. Qg5 Nc5 22. f3 h6 23. Qf4 Qd7 24. h4 Qd8 25. Rh1 Nb7 26. Ba3 Rc2 27. Qe3 Rxa2 28. Rxc8 Qxc8 29. Rc1 Rc2 30. Rxc2 Qxc2 31. Bb4 Nc5 32. g4 Kh7 33. h5 a5 34. Ba3 Nxb3 35. Qxb6 Qxe2+ 36. Qf2 Qd3 0-1

[Event "Calvia Amateur op 9th"]
[Site "Calvia"]
[Date "2012.10.12"]
[Round "7"]
[White "Karimi, Farhad"]
[Black "Van den Bersselaar, Jeroen"]
[Result "1-0"]
[WhiteElo "2225"]
[BlackElo "2196"]
[PlyCount "53"]
[EventDate "2012.10.06"]
[EventType "swiss"]
[EventRounds "9"]
[EventCountry "ESP"]
[SourceTitle "EXT 2013"]
[Source "ChessBase"]
[SourceDate "2012.11.22"]
[SourceVersion "1"]
[SourceVersionDate "2012.11.22"]
[SourceQuality "1"]

1. d4 d5 2. Nf3 Nf6 3. e3 e6 4. Bd3 c5 5. b3 b6 6. 0-0 Bb7 7. Bb2 Nbd7 8. Nbd2 cxd4 9. exd4 Be7 10. Ne5 Nxe5 11. dxe5 Nd7 12. Qh5 g6 13. Qh6 Bf8 14. Qh3 Bb4 15. Rad1 Qc7 16. Nf3 a6 17. Bxg6 fxg6 18. Qxe6+ Kd8 19. Rxd5 Bxd5 20. Qxd5 Ke7 21. e6 Rhd8 22. exd7 Qc5 23. Qe4+ Kxd7 24. Qb7+ Ke8 25. Ne5 Qd5 26. Nc6 Rab8 27. Re1+ 1-0

[Event "Oberliga NRW 0506"]
[Site "Germany"]
[Date "2006.04.02"]
[Round "8.7"]
[White "Karimi, Farhad"]
[Black "Roemhild, Marcus"]
[Result "1-0"]
[WhiteElo "2204"]
[BlackElo "2188"]
[PlyCount "177"]
[EventDate "2005.09.25"]
[EventType "team-tourn"]
[EventRounds "9"]
[EventCountry "GER"]
[SourceTitle "EXT 2007"]
[Source "ChessBase"]
[SourceDate "2006.11.23"]
[SourceVersion "1"]
[SourceVersionDate "2006.11.23"]
[SourceQuality "1"]
[WhiteTeam "Koeln SF"]
[BlackTeam "Lippstadt Turm"]
[WhiteTeamCountry "GER"]
[BlackTeamCountry "GER"]

1. e4 c5 2. Nf3 Nc6 3. d4 cxd4 4. c3 d3 5. Qxd3 g6 6. Be2 Bg7 7. Bf4 Nf6 8. Nbd2 d5 9. 0-0 0-0 10. Rad1 dxe4 11. Nxe4 Qxd3 12. Nxf6+ Bxf6 13. Bxd3 Be6 14. Bb1 Rad8 15. Rd2 Rxd2 16. Nxd2 Rd8 17. Ne4 Bg7 18. f3 b6 19. Nf2 Ne5 20. b3 Nc6 21. Be4 Bd5 22. Bc7 Rd7 23. Rd1 Rxc7 24. Bxd5 Bxc3 25. Rc1 Nd4 26. Kf1 e6 27. Ne4 Nb5 28. Bc4 Be5 29. Rd1 Na3 30. Bd3 Nc2 31. Ke2 Kg7 32. g3 Nd4+ 33. Kf2 Nf5 34. Bb1 Bd4+ 35. Ke2 e5 36. g4 Ne3 37. Rh1 Nd5 38. Nd6 Nc3+ 39. Kd3 Nxb1 40. Ne8+ Kf8 41. Nxc7 Nc3 42. a4 Ke7 43. Kc4 Ne2 44. Nd5+ Kd6 45. Re1 Ng1 46. Rf1 a6 47. Nf6 Ke6 48. Ne4 Nh3 49. b4 f5 50. gxf5+ gxf5 51. Ng3 Nf4 52. Rc1 h5 53. Nf1 h4 54. Rc2 Kd6 55. Nd2 Nd5 56. Kb3 Kd7 57. Nf1 h3 58. Ng3 Ne3 59. Rc1 b5 60. a5 Nc4 61. Nxf5 Nd2+ 62. Kc2 Nxf3 63. Nxd4 Nxd4+ 64. Kd3 Nc6 65. Rb1 Ke6 66. Ke4 Kd6 67. Rb3 Ke6 68. Rxh3 Nxb4 69. Rh6+ Kd7 70. Kxe5 Nc6+ 71. Kd5 Nxa5 72. Rxa6 Nc4 73. Ra7+ Kc8 74. Kc6 Ne5+ 75. Kxb5 Kd8 76. Kc5 Ke8 77. Kd6 Ng6 78. Ke6 Nf4+ 79. Kf5 Nd5 80. h4 Kf8 81. h5 Kg8 82. h6 Kh8 83. Rd7 Nb6 84. Rf7 Nc4 85. Re7 Nd6+ 86. Kg6 Kg8 87. Rd7 Ne8 88. h7+ Kh8 89. Rf7 1-0